000 01544cam a2200289 a 4500
005 20031230185550.0
010 _aENG-101577 B-477241
020 _a9788125039679
_c295.00
035 _aEN-85110 B-477241
037 _bDBAD/PUB
037 _bK.K.Pub/Ven
082 _a891.43936
100 1 _aBaig, Mirza Farḥatullāh
_950896
245 1 0 _aThe last mushaʾirah of Dehli :
_cby Mirza Farhatullah Baig ; translated by Akhtar Qamber
_ba translation into English of Farhatullah Baig’s modern Urdu classic, Dehli ki akhri shamaʻ ; with an introduction, notes, glossary, and bibliography /
260 _aNew Delhi
_bOrient Blackswan
_c2010
270 _a1/24 Asaf Ali Road
_bNew Delhi
_e110002
300 _axxxi,291p.:
_c23cm (pbk)
_bmaps
500 _aIncludes bibliographical references
500 _aRunning title: A mushaʾirah in Delhi.
700 _aQamber, Akhtar
_922410
856 4 2 _uhttp://www.loc.gov/catdir/description/texas041/93060588.html
856 4 1 _uhttp://www.loc.gov/catdir/toc/texas041/93060588.html
942 _2ddc
_cEN
_mBAG
_h891.43936
999 _c47990
_d47990